| 000 | 003530000a22001450004500 | ||
|---|---|---|---|
| 003 | MACL | ||
| 040 | _aMACL | ||
| 090 |
_c32993 _d32991 |
||
| 100 | _aRoy, M K | ||
| 245 | _aCobol Programming Problems and Solutions | ||
| 260 |
_bTata McGraw Hill Publishing Com Ltd _c1999 |
||
| 350 | _a125 | ||
| 650 | _aComputer Programming | ||
| 942 |
_cBOOK _k005.133/ROY |
||
| 999 |
_c32656 _d32656 |
||